Súvislosť šedej ekonomiky a indexu podnikateľského prostredia

Teoretické vymedzenie problematiky. Faktory vzniku šedej ekonomiky. Štyri hlavné motivátory, ktoré vedú ľudí k participácii na šedej ekonomike v štúdii Visa Europe 2013. Súvislosť indexu podnikateľského prostredia a šedej ekonomiky. Boj so šedou ekonomikou.

Na minha lista:
Detalhes bibliográficos
Autor principal: Kubica, Milan, 1958-
Outros Autores: Švejdová, Nikola
Formato: Capítulo de Livro
Idioma:eslovaco
Assuntos:
Tags: Adicionar Tag
Sem tags, seja o primeiro a adicionar uma tag!

MARC

LEADER 00000nla a2200000 4500
001 0226652
005 20240523121257.4
041 0 |a slo 
044 |a SK 
245 1 0 |a Súvislosť šedej ekonomiky a indexu podnikateľského prostredia  |c Milan Kubica, Nikola Švejdová 
520 |a Teoretické vymedzenie problematiky. Faktory vzniku šedej ekonomiky. Štyri hlavné motivátory, ktoré vedú ľudí k participácii na šedej ekonomike v štúdii Visa Europe 2013. Súvislosť indexu podnikateľského prostredia a šedej ekonomiky. Boj so šedou ekonomikou. 
610 2 0 |a ekonomika tieňová 
610 2 0 |a prostredie podnikateľské 
610 2 0 |a indexy 
100 1 |a Kubica, Milan, 1958- 
700 1 |a Švejdová, Nikola